000 00739nam a22002177a 4500
003 OSt
005 20240930162022.0
008 240930b |||ao||| |||| 00| 0 eng d
020 _a8466211780
037 _bDonación
040 _aCO-JMCR
_bspa
_cCO-JMCR
_dCO-JMCR
_erda
041 0 _aspa
082 0 4 _223
_a641.22
_bB14c
100 1 _aBaeza, Concha
_943870
245 1 _aDisfrutar el vino /
_cConcha Baeza ; ilustraciones Baeza y Navarro ; Fotografía José Vicente Rodríguez
260 _aMadrid, España :
_bEditorial LIBSA,
_c2005.
300 _a120 páginas :
_bIlustraciones, fotografías ;
_c29 cm.
700 1 _aBaeza y Navarro
_eIlustradores
_943871
700 1 _aRodríguez, José Vicente
_eFotógrafo
_943872
942 _2ddc
_cBK
999 _c30843
_d17227